| 000 | 01612nam a22003973i 4500 | ||
|---|---|---|---|
| 001 | EBC31192052 | ||
| 003 | MiAaPQ | ||
| 005 | 20250217121803.0 | ||
| 007 | cr cnu|||||||| | ||
| 008 | 250204s2024 xx o ||||0 eng d | ||
| 020 |
_a9781803740485 _q(electronic bk.) |
||
| 020 | _z9781800799981 | ||
| 040 |
_aMiAaPQ _beng _cMiAaPQ |
||
| 100 | 1 |
_aMaher, Eamon. _965806 |
|
| 245 | 1 | 4 |
_aThe Irish Against the War : _bPostcolonial Identity and Political Activism in Contemporary Ireland. |
| 250 | _a1st ed. | ||
| 264 | 1 |
_aOxford : _bPeter Lang Ltd. International Academic Publishers, _c2024. |
|
| 264 | 4 | _c©2024. | |
| 300 | _a1 online resource (298 pages) | ||
| 336 |
_aText _btxt _2rdacontent |
||
| 337 |
_aComputermedien _bc _2rdamedia |
||
| 338 |
_aOnline Resource _bcr _2rdacarrier |
||
| 490 | 1 |
_aReimagining Ireland Series ; _vv.128 |
|
| 500 | _aE-Book-ProQuest / Fernzugriff nach Registrierung möglich | ||
| 520 | _aThe book explores the origins, evolution and mobilisation of anti-war activism in Ireland from the 1950s. | ||
| 653 | _aIreland-Politics and government-1949-. | ||
| 655 |
_aFernzugriff _9230 |
||
| 655 | 4 | _aElectronic books. | |
| 700 | 1 |
_aLouvet, Marie-Violaine. _965557 |
|
| 776 | 0 | 8 |
_iPrint version: _aMaher, Eamon _tThe Irish Against the War _dOxford : Peter Lang Ltd. International Academic Publishers,c2024 _z9781800799981 |
| 830 | 0 |
_aReimagining Ireland Series _965807 |
|
| 856 | 4 | 0 |
_uhttps://ebookcentral.proquest.com/lib/maxweberstiftung-ebooks/detail.action?docID=31192052 _zVolltext |
| 942 | _cEB | ||
| 999 |
_c72165 _d72165 |
||